000 00621nam a2200241Ia 4500
003 OSt
005 20221006144729.0
006 a|||||r|||| 00| 0
007 ta
008 221006b |||||||| |||| 00| 0 eng d
020 _cP40.00
024 _a12,525
037 _cTextual
040 _aEASL
_cEASL
_beng
041 _2eng
_aeng
082 _aV41.N92, N3
100 _aHUA Sheng etc.
_9652711
245 0 _aChina
_b From revolution to reform
260 _aLondon
_bMacmillan
_c1993
300 _a244p.
_ccm.
942 _hV41.N92, N3
_cTEXL
_2CC
999 _c1080611
_d1080611